[Event "AUTO-ADV-2251"]
[Site "http://www.queenalice.com/game.php?id=974786"]
[Date "2011.8.20"]
[Round "1"]
[White "SamuraiX13"]
[Black "coyote"]
[Result "0-1"]
[WhiteElo "1773"]
[BlackElo "1814"]

1. g3 d5 2. b3 e6 3. Nf3 f6 4. e3 c6 5. Bg2 Bd6 6. d4 Ne7 7. a3 b5 8. Qe2 a6 9.
Nbd2 e5 10. Bb2 e4 11. Ng1 O-O 12. b4 a5 13. c3 Nd7 14. f4 Nb6 15. bxa5 Rxa5 16.
Bf1 Ba6 17. Qd1 Nf5 18. Kf2 Nc4 19. Bxc4 bxc4 20. Ne2 Qb8 21. Qc2 h5 22. h4 g6
23. Rhb1 Rf7 24. a4 Qf8 25. Nc1 g5 26. hxg5 fxg5 27. Na2 h4 28. gxh4 gxf4 29.
Rg1+ Ng3 30. Ke1 fxe3 31. Rxg3+ Bxg3+ 32. Kd1 Rf1+ 33. Nxf1 Qxf1# 0-1

[Event "AUTO-ADV-2251"]
[Site "http://www.queenalice.com/game.php?id=974787"]
[Date "2011.8.20"]
[Round "1"]
[White "coyote"]
[Black "Flamengo"]
[Result "1-0"]
[WhiteElo "1839"]
[BlackElo "1716"]

1. e4 b6 2. d4 Bb7 3. Bd3 d6 4. d5 e6 5. Nf3 exd5 6. exd5 Bxd5 7. Nc3 Bb7 8. O-O
Be7 9. Re1 Nf6 10. Bg5 O-O 11. Bxf6 Bxf6 12. Qd2 Bxf3 13. gxf3 Nd7 14. Be4 Rb8
15. Rad1 Nc5 16. Bc6 Be5 17. f4 Bxc3 18. Qxc3 Ne6 19. Re4 a6 20. f5 Nc5 21. Rg4
b5 22. Qxg7# 1-0

[Event "AUTO-ADV-2251"]
[Site "http://www.queenalice.com/game.php?id=974788"]
[Date "2011.8.20"]
[Round "1"]
[White "Flamengo"]
[Black "coyote"]
[Result "0-1"]
[WhiteElo "1681"]
[BlackElo "1829"]

1. e4 e5 2. Nf3 d6 3. d4 Nc6 4. d5 Nce7 5. Nc3 c6 6. Be2 h6 7. O-O Bd7 8. b3 Nf6
9. Ba3 Qb6 10. Bxd6 cxd5 11. Bxe7 Bxe7 12. exd5 O-O 13. Nxe5 Rfd8 14. Na4 Bxa4
15. bxa4 Nxd5 16. Bc4 Qc7 17. Nf3 Qxc4 0-1

[Event "AUTO-ADV-2251"]
[Site "http://www.queenalice.com/game.php?id=974789"]
[Date "2011.8.20"]
[Round "1"]
[White "coyote"]
[Black "aeapmestre"]
[Result "0-1"]
[WhiteElo "1815"]
[BlackElo "2179"]

1. e4 g6 2. d4 d6 3. d5 Bg7 4. Bd2 Bxb2 5. Nc3 Bxa1 6. Qxa1 Nf6 7. Bb5+ Bd7 8.
Be2 O-O 9. Qb2 Qc8 10. Bh6 Re8 11. Bg5 c6 12. e5 dxe5 13. Bxf6 exf6 14. Bc4 Bf5
15. Nf3 cxd5 16. Bxd5 Nc6 17. Qb3 Be6 18. O-O Kg7 19. Bxe6 Rxe6 20. Rd1 Nd4 21.
Nxd4 exd4 22. Nd5 b6 23. g3 Qc5 24. Nf4 Rc6 0-1

[Event "AUTO-ADV-2251"]
[Site "http://www.queenalice.com/game.php?id=974790"]
[Date "2011.8.20"]
[Round "1"]
[White "aeapmestre"]
[Black "coyote"]
[Result "1-0"]
[WhiteElo "2178"]
[BlackElo "1817"]

1. Nf3 d5 2. e3 Nf6 3. b3 c6 4. Bb2 Nbd7 5. c4 Nb6 6. Nc3 e6 7. Be2 h6 8. O-O a6
9. Ne5 Bb4 10. a3 Bd6 11. f4 Bxe5 12. fxe5 Nfd7 13. Bh5 O-O 14. cxd5 cxd5 15. d4
Qg5 16. Bc1 f6 17. e4 Qh4 18. g3 Qh3 19. Bg4 Qxf1+ 20. Kxf1 fxe5+ 21. Kg1 Rf6
22. exd5 exd5 23. Bxd7 Bxd7 24. dxe5 Rc6 25. Nxd5 1-0

[Event "AUTO-ADV-2373"]
[Site "http://www.queenalice.com/game.php?id=1019228"]
[Date "2012.1.29"]
[Round "1"]
[White "lawyerplayer"]
[Black "coyote"]
[Result "0-1"]
[WhiteElo "1938"]
[BlackElo "1869"]

1. d4 d5 2. c4 Nf6 3. Nc3 dxc4 4. e4 e5 5. d5 b5 6. Qc2 a6 7. a3 c6 8. Bg5 Be7
9. Rd1 cxd5 10. exd5 h6 11. Bh4 Qc7 12. Nf3 Bg4 13. Be2 Nbd7 14. h3 Bh5 15. Bg3
Bd6 16. O-O O-O 17. Nh4 Qb6 18. Nf5 Bg6 19. Kh1 Rad8 20. f4 Rfe8 21. fxe5 Bxe5
22. Bxe5 Rxe5 23. d6 Nh5 24. Bxh5 Bxh5 25. g4 Bg6 26. Qf2 Bxf5 27. Qxb6 Nxb6 28.
Rxf5 Re6 29. Rdf1 f6 30. h4 Rdxd6 31. g5 fxg5 32. hxg5 hxg5 33. Rxg5 Rh6+ 34.
Kg1 Rhg6 35. Rxg6 Rxg6+ 36. Kf2 Rf6+ 37. Kg2 Rxf1 38. Kxf1 Na4 39. Nd1 a5 40.
Ke2 g6 41. Ke3 Nb6 42. Nc3 b4 43. axb4 axb4 44. Nb5 Na4 0-1

[Event "AUTO-ADV-2373"]
[Site "http://www.queenalice.com/game.php?id=1019229"]
[Date "2012.1.29"]
[Round "1"]
[White "coyote"]
[Black "lawyerplayer"]
[Result "1-0"]
[WhiteElo "1850"]
[BlackElo "1933"]

1. e4 c5 2. Nc3 Nc6 3. Nf3 d6 4. d4 cxd4 5. Nxd4 Nf6 6. Nxc6 bxc6 7. Bg5 Nd7 8.
Be3 c5 9. Bb5 Bb7 10. O-O g6 11. e5 dxe5 12. Bxc5 Qc7 13. Nd5 Bxd5 14. Qxd5 Rd8
15. Rad1 e6 16. Bxd7+ Rxd7 17. Qa8+ Rd8 18. Rxd8+ Qxd8 19. Qxd8+ Kxd8 20. Bxa7
Bd6 21. c4 Ke7 22. c5 Bc7 23. a3 Ra8 24. Bb6 Bxb6 25. cxb6 Rb8 26. b4 Rxb6 27.
Rb1 Ra6 28. Rb3 Kd6 29. g4 f5 30. g5 Kc7 31. h4 Kb6 32. Rc3 e4 33. Kf1 Ra7 34.
Ke2 Rd7 35. a4 Rd4 36. Rb3 e5 37. Rb2 Rc4 38. a5+ Kb5 39. Ra2 Rc6 40. Rb2 Rc3
41. Ra2 Kxb4 42. a6 Rc8 43. a7 Ra8 44. Rb2+ Kc5 45. Rb7 Kd4 46. Rxh7 f4 47. Rd7+
Kc5 48. h5 gxh5 49. g6 Kc6 50. Rh7 Kd6 51. g7 1-0

[Event "AUTO-ADV-2373"]
[Site "http://www.queenalice.com/game.php?id=1019240"]
[Date "2012.1.29"]
[Round "1"]
[White "coyote"]
[Black "peonaislado"]
[Result "1-0"]
[WhiteElo "1901"]
[BlackElo "1808"]

1. e4 c5 2. Nf3 d6 3. d3 Nc6 4. Bd2 Bg4 5. Be2 e6 6. h3 Bh5 7. g4 Bg6 8. Bc3 f5
9. exf5 exf5 10. d4 Qe7 11. d5 Ne5 12. Nxe5 dxe5 13. Bb5+ Kf7 14. Nd2 Nf6 15.
Nc4 a6 16. d6 Qe6 17. Nxe5+ Kg8 18. Bc4 1-0

[Event "AUTO-ADV-2373"]
[Site "http://www.queenalice.com/game.php?id=1019241"]
[Date "2012.1.29"]
[Round "1"]
[White "peonaislado"]
[Black "coyote"]
[Result "0-1"]
[WhiteElo "1821"]
[BlackElo "1888"]

1. d4 d5 2. c4 dxc4 3. Nf3 c6 4. Nc3 Bg4 5. e4 e6 6. Bxc4 Bxf3 7. Qxf3 Qxd4 8.
Bd3 Bb4 9. Bd2 Nd7 10. O-O Ne5 11. Qe2 Nxd3 12. a3 Ba5 13. Qe3 Qxe3 14. Bxe3
Nxb2 15. Ne2 b5 0-1

[Event "AUTO-ADV-2433"]
[Site "http://www.queenalice.com/game.php?id=1037120"]
[Date "2012.3.8"]
[Round "1"]
[White "mattiazap"]
[Black "coyote"]
[Result "0-1"]
[WhiteElo "1502"]
[BlackElo "1911"]

1. e4 e5 2. d4 d6 3. dxe5 dxe5 4. Qxd8+ Kxd8 5. Nf3 f6 6. Be3 Bg4 7. Nc3 Bxf3 8.
gxf3 Bb4 9. O-O-O+ Nd7 10. Bh3 Bd6 11. Nb5 Nf8 12. Nxd6 cxd6 13. Rxd6+ Kc7 14.
Rhd1 b6 15. f4 Re8 16. fxe5 fxe5 17. f4 exf4 18. Bxf4 Kb7 19. Rd8 Rxd8 20. Rxd8
Ne7 0-1

[Event "AUTO-ADV-2433"]
[Site "http://www.queenalice.com/game.php?id=1037121"]
[Date "2012.3.8"]
[Round "1"]
[White "coyote"]
[Black "mattiazap"]
[Result "1-0"]
[WhiteElo "1909"]
[BlackElo "1504"]

1. e4 e5 2. Nf3 Nf6 3. d3 Nc6 4. Bd2 d5 5. exd5 Nxd5 6. Nxe5 Nxe5 7. Qe2 Qe7 8.
Nc3 Nxc3 9. Bxc3 f6 10. d4 Nc6 11. O-O-O Qxe2 12. Bxe2 Bd6 13. Bf3 Bf4+ 14. Bd2
Bxd2+ 15. Rxd2 Bd7 16. Re2+ Kf7 17. Bd5+ 1-0

[Event "AUTO-ADV-2433"]
[Site "http://www.queenalice.com/game.php?id=1037136"]
[Date "2012.3.8"]
[Round "1"]
[White "ggg09"]
[Black "coyote"]
[Result "1-0"]
[WhiteElo "1823"]
[BlackElo "1925"]

1. e4 e5 2. Nf3 Nc6 3. Bc4 d6 4. c3 Bg4 5. h3 Bh5 6. Be2 Nf6 7. d3 h6 8. O-O d5
9. exd5 Qxd5 10. Be3 O-O-O 11. d4 e4 12. Nfd2 Bxe2 13. Qxe2 g6 14. Bf4 Rd7 15.
Be5 Bg7 16. Bxf6 Bxf6 17. Qxe4 Qxe4 18. Nxe4 Be7 19. Nbd2 f5 20. Ng3 Bd6 21.
Rae1 Ne7 22. Ne2 Nd5 23. Nc4 Re8 24. Nxd6+ Rxd6 25. c4 Nb4 26. a3 Nd3 27. Rd1
Nxb2 28. c5 Ra6 29. Rd2 Nc4 30. Rc2 Nxa3 31. Rd2 Rae6 32. Nf4 Nc4 33. Ra2 Re4
34. Nxg6 a5 35. Rd1 Re1+ 36. Rxe1 Rxe1+ 37. Kh2 b6 38. cxb6 Re6 39. Nf4 Rxb6 40.
Rc2 Rb2 41. Rxc4 Rxf2 42. Nd5 1-0

[Event "AUTO-ADV-2433"]
[Site "http://www.queenalice.com/game.php?id=1037137"]
[Date "2012.3.8"]
[Round "1"]
[White "coyote"]
[Black "ggg09"]
[Result "1-0"]
[WhiteElo "1913"]
[BlackElo "1815"]

1. e4 e6 2. Nf3 c5 3. d4 cxd4 4. Nxd4 Nf6 5. Nc3 Bb4 6. a3 Bxc3+ 7. bxc3 Nxe4 8.
Qg4 Nf6 9. Qxg7 Rg8 10. Qh6 Rg6 11. Qh4 Nd5 12. Qxh7 Qf6 13. Qh5 Nxc3 14. Be3
Ne4 15. Bd3 d5 16. c4 Rxg2 17. cxd5 Nxf2 18. Bb5+ Bd7 19. dxe6 Nxh1 20. exd7+
Nxd7 21. Bxd7+ Kf8 22. Qh3 Rg1+ 23. Bxg1 Qe5+ 24. Qe3 Qg7 25. Rb1 Qf6 26. Qe4
Qg5 27. Qxh1 Qe7+ 28. Ne6+ fxe6 29. Qxb7 Re8 30. Qxa7 1-0

[Event "AUTO-ADV-2433"]
[Site "http://www.queenalice.com/game.php?id=1037148"]
[Date "2012.3.8"]
[Round "1"]
[White "coyote"]
[Black "dyingstar"]
[Result "0-1"]
[WhiteElo "1909"]
[BlackElo "2091"]

1. e4 e5 2. Nf3 Nc6 3. Bb5 a6 4. Bxc6 dxc6 5. Nc3 f6 6. d3 Bd6 7. Be3 c5 8. a3
Ne7 9. h3 O-O 10. g4 Nc6 11. Nh4 Nd4 12. Nf5 Be6 13. O-O g6 14. Nxd6 cxd6 15. f4
f5 16. exf5 gxf5 17. g5 Rc8 18. b3 Qe8 19. a4 Bf7 0-1

[Event "AUTO-ADV-2433"]
[Site "http://www.queenalice.com/game.php?id=1037149"]
[Date "2012.3.8"]
[Round "1"]
[White "dyingstar"]
[Black "coyote"]
[Result "1-0"]
[WhiteElo "2102"]
[BlackElo "1909"]

1. d4 d5 2. c4 c6 3. Nf3 e6 4. Nc3 Bb4 5. e3 Nf6 6. Bd3 O-O 7. O-O Nbd7 8. Qc2
Qc7 9. Bd2 Bd6 10. Rac1 dxc4 11. Bxc4 e5 12. Bb3 exd4 13. exd4 a6 14. Bg5 Ng4
15. h3 Ngf6 16. Ne4 Nxe4 17. Qxe4 1-0

[Event "AUTO-ADV-2373"]
[Site "http://www.queenalice.com/game.php?id=1062572"]
[Date "2012.5.22"]
[Round "2"]
[White "coyote"]
[Black "danielglowinski"]
[Result "0-1"]
[WhiteElo "1867"]
[BlackElo "2280"]

1. e4 c5 2. Nf3 d6 3. d4 cxd4 4. Qxd4 Nc6 5. Qa4 g6 6. Nd4 Bd7 7. Bb5 Nxd4 8.
Bxd7+ Qxd7 9. Qxd4 Nf6 10. O-O Bg7 11. Nc3 O-O 12. f3 Ng4 13. Qd5 e6 14. Qd2 Ne5
15. Qf2 Nc4 16. Nd1 f5 0-1

[Event "AUTO-ADV-2373"]
[Site "http://www.queenalice.com/game.php?id=1062573"]
[Date "2012.5.22"]
[Round "2"]
[White "danielglowinski"]
[Black "coyote"]
[Result "1-0"]
[WhiteElo "2268"]
[BlackElo "1869"]

1. e4 e5 2. Nf3 d5 3. exd5 Bd6 4. Bc4 Bg4 5. O-O c6 6. Re1 cxd5 7. Bxd5 Qc7 8.
Nc3 a6 9. d4 Nc6 10. Bxc6+ bxc6 11. dxe5 Bc5 12. Ne4 Bb4 13. Nd6+ Kf8 14. c3
Bxf3 15. Qxf3 Bxd6 16. exd6 Qxd6 17. Bf4 1-0